000 00368nam a2200145Ia 4500
008 230917s9999||||xx |||||||||||||| ||und||
040 _e128916
_aMAIN
041 _aEnglish
082 _a813.09 G138A
100 _aGalloway, David
245 0 _aAbsurd hero in American fiction
260 _aAustin
_bUniversity of Taxes Press
_c1970
300 _a265 p.
942 _cBK
999 _c44257
_d44257